000 00629nam a2200241Ia 4500
003 OSt
005 20221006144647.0
006 a|||||r|||| 00| 0
007 ta
008 221006b |||||||| |||| 00| 0 eng d
020 _c
_12.50
024 _a12,296
037 _cTextual
040 _aEASL
_cEASL
_beng
041 _2eng
_aeng
082 _aV41.N17, E8
100 _aWEALE B L Putnam
_9652545
245 0 _aFight for the republic in China
260 _aLondon
_bPaternoster House
_c1918
300 _a367p.
_ccm.
942 _hV41.N17, E8
_cTEXL
_2CC
999 _c1080382
_d1080382